<?xml version="1.0" encoding="UTF-8"?>
<record
    xmlns:xsi="http://www.w3.org/2001/XMLSchema-instance"
    xsi:schemaLocation="http://www.loc.gov/MARC21/slim http://www.loc.gov/standards/marcxml/schema/MARC21slim.xsd"
    xmlns="http://www.loc.gov/MARC21/slim">

  <leader>01613cam a2200361 i 4500</leader>
  <controlfield tag="001">xx001179315</controlfield>
  <controlfield tag="003">NUKAT</controlfield>
  <controlfield tag="005">20260423215912.0</controlfield>
  <controlfield tag="008">080822s1874    pl           |000 0 pol c</controlfield>
  <datafield tag="035" ind1=" " ind2=" ">
    <subfield code="a">(OCoLC)297558971</subfield>
  </datafield>
  <datafield tag="035" ind1=" " ind2=" ">
    <subfield code="a">(NUKAT)xx001179315</subfield>
  </datafield>
  <datafield tag="040" ind1=" " ind2=" ">
    <subfield code="a">KR 295/DR</subfield>
    <subfield code="c">KR 295/DR</subfield>
    <subfield code="d">KR 295/BW</subfield>
    <subfield code="d">KR 295/DRs</subfield>
    <subfield code="d">KR U/42KJs</subfield>
  </datafield>
  <datafield tag="041" ind1="0" ind2=" ">
    <subfield code="a">pol</subfield>
    <subfield code="a">ger</subfield>
  </datafield>
  <datafield tag="245" ind1="0" ind2="0">
    <subfield code="a">Wa&#x17C;niejsze dokumenta odnosz&#x105;ce si&#x119; do swojego udzia&#x142;u w sprawach i losach Zak&#x142;ad&#xF3;w Naukowych b. W. M. Krakowa i jego Okr&#x119;gu /</subfield>
    <subfield code="c">zebra&#x142; i obja&#x15B;ni&#x142; jako przyczynek do historyi tych&#x17C;e Maciej J&#xF3;zef Brodowicz.</subfield>
  </datafield>
  <datafield tag="260" ind1=" " ind2=" ">
    <subfield code="a">Krak&#xF3;w :</subfield>
    <subfield code="b">nak&#x142;. Autora,</subfield>
    <subfield code="c">1874</subfield>
    <subfield code="e">(Krak&#xF3;w :</subfield>
    <subfield code="f">Drukarnia Uniwersytetu Jagiello&#x144;skiego pod zarz&#x105;dem Ignacego Stelcla).</subfield>
  </datafield>
  <datafield tag="300" ind1=" " ind2=" ">
    <subfield code="a">CLIV, 440 s. pag. varia ;</subfield>
    <subfield code="c">23 cm.</subfield>
  </datafield>
  <datafield tag="336" ind1=" " ind2=" ">
    <subfield code="a">Tekst</subfield>
    <subfield code="b">txt</subfield>
    <subfield code="2">rdacontent</subfield>
  </datafield>
  <datafield tag="337" ind1=" " ind2=" ">
    <subfield code="a">Bez urz&#x105;dzenia po&#x15B;rednicz&#x105;cego</subfield>
    <subfield code="b">n</subfield>
    <subfield code="2">rdamedia</subfield>
  </datafield>
  <datafield tag="338" ind1=" " ind2=" ">
    <subfield code="a">Wolumin</subfield>
    <subfield code="b">nc</subfield>
    <subfield code="2">rdacarrier</subfield>
  </datafield>
  <datafield tag="510" ind1="4" ind2=" ">
    <subfield code="a">Estr. (reed.),</subfield>
    <subfield code="c">t. 2, s. 521.</subfield>
  </datafield>
  <datafield tag="546" ind1=" " ind2=" ">
    <subfield code="a">Tekst cz&#x119;&#x15B;ciowo niem.</subfield>
  </datafield>
  <datafield tag="650" ind1=" " ind2="7">
    <subfield code="a">Uniwersytety i uczelnie</subfield>
    <subfield code="z">Polska</subfield>
    <subfield code="z">Krak&#xF3;w</subfield>
    <subfield code="y">19 w.</subfield>
    <subfield code="v">&#x17A;r&#xF3;d&#x142;a.</subfield>
    <subfield code="2">kaba</subfield>
    <subfield code="9">40441</subfield>
  </datafield>
  <datafield tag="650" ind1=" " ind2="2">
    <subfield code="a">Towarzystwa naukowe</subfield>
    <subfield code="x">organizacja i zarz&#x105;dzanie</subfield>
    <subfield code="9">40442</subfield>
  </datafield>
  <datafield tag="650" ind1=" " ind2="2">
    <subfield code="a">Towarzystwa naukowe</subfield>
    <subfield code="x">prawo</subfield>
    <subfield code="9">40443</subfield>
  </datafield>
  <datafield tag="650" ind1=" " ind2="2">
    <subfield code="a">Uniwersytety</subfield>
    <subfield code="x">organizacja i zarz&#x105;dzanie</subfield>
    <subfield code="9">40444</subfield>
  </datafield>
  <datafield tag="650" ind1=" " ind2="2">
    <subfield code="a">Uniwersytety</subfield>
    <subfield code="x">prawo</subfield>
    <subfield code="9">40445</subfield>
  </datafield>
  <datafield tag="650" ind1=" " ind2="2">
    <subfield code="a">Szpitale uniwersyteckie</subfield>
    <subfield code="x">organizacja i zarz&#x105;dzanie</subfield>
    <subfield code="9">40446</subfield>
  </datafield>
  <datafield tag="650" ind1=" " ind2="2">
    <subfield code="a">Szpitale uniwersyteckie</subfield>
    <subfield code="x">prawo</subfield>
    <subfield code="9">40447</subfield>
  </datafield>
  <datafield tag="651" ind1=" " ind2="2">
    <subfield code="a">Polska</subfield>
    <subfield code="9">40448</subfield>
  </datafield>
  <datafield tag="655" ind1=" " ind2="2">
    <subfield code="a">Akty prawne [Typ publikacji]</subfield>
    <subfield code="9">40449</subfield>
  </datafield>
  <datafield tag="700" ind1="1" ind2=" ">
    <subfield code="a">Brodowicz, Maciej J&#xF3;zef</subfield>
    <subfield code="d">(1790-1885).</subfield>
    <subfield code="e">Oprac.</subfield>
    <subfield code="9">40440</subfield>
  </datafield>
  <datafield tag="942" ind1=" " ind2=" ">
    <subfield code="2">ddc</subfield>
    <subfield code="c">BK_NM</subfield>
  </datafield>
  <datafield tag="999" ind1=" " ind2=" ">
    <subfield code="c">27740</subfield>
    <subfield code="d">27740</subfield>
  </datafield>
  <datafield tag="952" ind1=" " ind2=" ">
    <subfield code="0">0</subfield>
    <subfield code="1">0</subfield>
    <subfield code="2">ddc</subfield>
    <subfield code="4">0</subfield>
    <subfield code="7">0</subfield>
    <subfield code="8">PBKH</subfield>
    <subfield code="a">BIP</subfield>
    <subfield code="b">PBKH</subfield>
    <subfield code="d">2026-04-23</subfield>
    <subfield code="e">W-52/1965</subfield>
    <subfield code="f">W</subfield>
    <subfield code="i">16255</subfield>
    <subfield code="l">0</subfield>
    <subfield code="o">16255</subfield>
    <subfield code="p">IPWK16672</subfield>
    <subfield code="r">2026-04-23 22:00:20</subfield>
    <subfield code="w">2026-04-23</subfield>
    <subfield code="y">BK_NM</subfield>
  </datafield>
</record>
